000 00826cam a2200253 4500
001 WS107554
008 000000n 000 0 eng u
035 _a(Sirsi) u107554
110 _aAssociation of Geographic Information
_91672
245 _aAssociation of Geographic Information
520 _aBasic guide to the work of this association. Includes a searchable dictionary of terms and links to the GIS e-mail discussion lists.
650 _aLAND SURVEYING
650 _aSPATIAL INFORMATION
650 _aGIS
650 0 _aGIS
650 _aMAPPING
650 _aORGANISATION
650 _aGeomatics
_96242
650 _aEnvironment
_96238
650 _aGLOSSARY
690 _aMAPPING AND MEASUREMENT
856 4 0 _uhttps://www.agi.org.uk/
_zView the website free of charge at www.agi.org.uk/...
942 _n0
999 _c119554
_d119554